Nuevo Manual Merck de información médica general. (Registro nro. 3103)

Detalles MARC
000 -LEADER
fixed length control field 01290nam a2200361 a 4500
005 - FECHA ULTIMA MODIFICACION
control field 20240806093514.0
008 - CAMPO DE CONTROL (LIBRO)
fixed length control field 100811e2011||||sp g 001 0 spa d
020 ## - INTERNATIONAL STANDARD BOOK NUMBER
ISBN 9788449433115
041 ## - CODIGO DE IDIOMA
Código de idioma del texto/pista de sonido o título separado spa
092 ## - SIGNATURA TOPOGRAFICA DEWEY LOCAL
número de clasificación 616
libristica 29
sección GIS
100 1# - ENTRADA PRINCIPAL--NOMBRE PERSONAL
Nombre personal Gispert, Carlos
Función Dir.
9 (RLIN) 4111
245 ## - TITULO PROPIAMENTE DICHO
Título Nuevo Manual Merck de información médica general.
Subtítulo y Título paralelo T.1 /
Mención de responsabilidad y remanente de la transcripción de la portada Carlos Gispert
250 ## - MENCION DE EDICION
Mención de edición 1a ed.
260 ## - PIE DE IMPRENTA
Lugar de publicación, distribución, etc Barcelona:
Nombre de la editorial, distribuidor, etc Océano;
Fecha de publicación 2011.
300 ## - DESCRIPCION FISICA
Extension 1-1119 p.
500 ## - NOTA GENERAL
Nota general Gispert, C. (Dir.). (2011). Nuevo Manual Merck de información médica general. T.1 (1a ed.). Barcelona : Océano.
653 ## - TÉRMINO INDIZADO - PALABRAS CLAVES
Palabra clave Fundamentos
653 ## - TÉRMINO INDIZADO - PALABRAS CLAVES
Palabra clave Fármacos
653 ## - TÉRMINO INDIZADO - PALABRAS CLAVES
Palabra clave Enfermedades cardiovasculares
653 ## - TÉRMINO INDIZADO - PALABRAS CLAVES
Palabra clave Trastornos del aparato respiratorio
653 ## - TÉRMINO INDIZADO - PALABRAS CLAVES
Palabra clave Trastorno de los huesos, las articulaciones y los músculos
653 ## - TÉRMINO INDIZADO - PALABRAS CLAVES
Palabra clave Trastornos del cerebro, la médula espinal y el sistema nervioso
653 ## - TÉRMINO INDIZADO - PALABRAS CLAVES
Palabra clave Trastornos mentales
653 ## - TÉRMINO INDIZADO - PALABRAS CLAVES
Palabra clave Trastornos de la boca y de los dientes
653 ## - TÉRMINO INDIZADO - PALABRAS CLAVES
Palabra clave Trastornos gastrointestinales
653 ## - TÉRMINO INDIZADO - PALABRAS CLAVES
Palabra clave Trastornos del higado y de la vesícula biliar
653 ## - TÉRMINO INDIZADO - PALABRAS CLAVES
Palabra clave Trastornos del riñon y de las vías urinarias
653 ## - TÉRMINO INDIZADO - PALABRAS CLAVES
Palabra clave Trastornos nutricionales y del metabolismo
930 ## - NUMERO DE INVENTARIO
Número de inventario 975
930 ## - NUMERO DE INVENTARIO
Número de inventario 976
930 ## - NUMERO DE INVENTARIO
Número de inventario 977
942 ## - ADDED ENTRY ELEMENTS (KOHA)
Source of classification or shelving scheme Dewey Decimal Classification
Item type Libros
Existencias
Estado de retiro Existencia Fuente de clasificación Estado general No para prestamo Ubicación permanente ubicación actual Sala de ubicación Fecha de adquisición Fuente de adquisición Total Checkouts Número de clasificación Código de barras Date last seen Número de ejemplar Price effective from Koha tipo de elemento (item) Public note
    Dewey Decimal Classification     Biblioteca Medicina Biblioteca Medicina Circulación 17/03/2021 Donación Cavo, Miguel. Marzo 2021   616 29 GIS 4661 17/03/2021 Ej. 1 17/03/2021 Libros Donación Cavo, Miguel. Marzo 2021

UNIVERSIDAD NACIONAL DEL COMAHUE
Biblioteca de la Facultad de Ciencias Médicas
Sede Toschi: Los Arrayanes y Av. Toschi, Cipolletti  - Rio Negro
Sede Los Tordos:  Yrigoyen al 2211, Cipolletti - Rio Negro 

Teléfono: 0299 - 4774707 int 25
Contacto: biblioteca@facimed.uncoma.edu.ar
© 2011 - 2026